Taylor swift song by emojis p1 - Statistics

General Stats
  • This quiz has been taken 162 times
  • The average score is 8 of 12
Answer Stats
Picture Answer % Correct
Bad blood
93%
Red
88%
Love story
82%
Snow on the beach
80%
Lover
79%
Down bad
76%
The man
73%
Anti hero
65%
Blank space
39%
You belong with me
34%
You need to calm down
29%
Shake it off
23%
No matching quizzes found
Score Distribution
Percent of People with Each Score
Percentile by Number Answered
Your Score History
You have not taken this quiz